| 000 | 01007nam a2200229Ia 4500 | ||
|---|---|---|---|
| 999 |
_c40074 _d40074 |
||
| 001 | 6680 | ||
| 003 | GE_BSU | ||
| 005 | 20191127102200.0 | ||
| 008 | 181216s199 ||||ge |||||||||||||| ||geo|| | ||
| 020 | _a552500285X | ||
| 040 | _cGE_BSU | ||
| 041 | _ageo | ||
| 080 | _a821.353.1-32 გ-19 | ||
| 100 |
_aგამსახურდია, კონსტანტინე. _91395 |
||
| 245 |
_aდიდოსტატის კონსტანტინეს მარჯვენა : _bრომანი / _cკონსტანტინე გამსახურდია ; რედ. ცისანა ჩხაიძე. |
||
| 264 |
_aთბილისი : _bნაკადული, _c1990. |
||
| 300 |
_a398 გვ. ; _c21 სმ. |
||
| 653 | _aდიდოსტატის კონსტანტინეს მარჯვენა. | ||
| 653 | _aრომანი. | ||
| 700 |
_aჩხაიძე, ცისანა _eრედაქტორი _94698 |
||
| 942 |
_cBK _2udc |
||